Česká otázka. Snahy a tužby národního obrození. Naše nynější krize. Pád strany staročeské a počátkové směru nových /
Gespeichert in:
| 1. Verfasser: | |
|---|---|
| Format: | Buch |
| Sprache: | Tschechisch |
| Veröffentlicht: |
Praha :
Svoboda,
1990
|
| Ausgabe: | 8.vyd. |
| Schriftenreihe: | Edice Politické myšlení
|
| Tags: |
Keine Tags, Fügen Sie das erste Tag hinzu!
|
MARC
| LEADER | 00000nam a22000003a 4500 | ||
|---|---|---|---|
| 001 | stu772 | ||
| 005 | 20150617225618.9 | ||
| 008 | 911113s1990----cs------------------cze-d | ||
| 020 | |a 80-205-0061-8 | ||
| 040 | |a STU |b slo | ||
| 041 | 0 | |a cze | |
| 044 | |a cs | ||
| 080 | |a 321.1(437.1) | ||
| 100 | 1 | |a Masaryk, Tomáš G |4 aut | |
| 245 | 1 | |a Česká otázka. Snahy a tužby národního obrození. Naše nynější krize. Pád strany staročeské a počátkové směru nových / |c [aut.] Masaryk,Tomáš G | |
| 250 | |a 8.vyd. | ||
| 260 | |a Praha : |b Svoboda, |c 1990 | ||
| 300 | |a 352 s | ||
| 830 | 0 | |a Edice Politické myšlení | |
| 996 | |b E75285 |c R*75285 |l RRUM |s A |a 24 |w stu772_0001 | ||